[Event "SUI-chT"]
[Site "Switzerland"]
[Date "2019.04.14"]
[Round "2.5"]
[White "Ballmann, Martin"]
[Black "Hug, Werner"]
[Result "1/2-1/2"]
[WhiteElo "2361"]
[BlackElo "2466"]
[PlyCount "50"]
[EventDate "2019.03.10"]
[EventType "team-tourn"]
[EventRounds "9"]
[EventCountry "SUI"]
[SourceTitle "CBM 190 Extra"]
[Source "ChessBase"]
[SourceDate "2019.07.15"]
[SourceVersion "1"]
[SourceVersionDate "2019.07.15"]
[SourceQuality "1"]
[WhiteTeam "Winterthur"]
[BlackTeam "Zuerich"]
[WhiteTeamCountry "SUI"]
[BlackTeamCountry "SUI"]

1. d4 Nf6 2. Nf3 d6 3. c3 Nbd7 4. Bf4 g6 5. e3 Bg7 6. Be2 0-0 7. h3 b6 8. 0-0 Bb7 9. Bh2 Ne4 10. Nbd2 Nxd2 11. Nxd2 c5 12. b4 Qc7 13. Rc1 Rfc8 14. a4 Rab8 15. b5 Nf6 16. c4 a6 17. bxa6 Bxa6 18. d5 Rb7 19. Nb1 Ra8 20. Nc3 Rba7 21. Qb3 Nd7 22. Bd1 Ne5 23. Be2 Nd7 24. Bd1 Ne5 25. Be2 Nd7 1/2-1/2

[Event "SUI-chT"]
[Site "Switzerland"]
[Date "2019.03.10"]
[Round "1.1"]
[White "Hug, Werner"]
[Black "Gheorghiu, Florin"]
[Result "1/2-1/2"]
[WhiteElo "2466"]
[BlackElo "2372"]
[PlyCount "63"]
[EventDate "2019.03.10"]
[EventType "team-tourn"]
[EventRounds "9"]
[EventCountry "SUI"]
[SourceTitle "CBM 189 Extra"]
[Source "ChessBase"]
[SourceDate "2019.06.03"]
[SourceVersion "1"]
[SourceVersionDate "2019.06.03"]
[SourceQuality "1"]
[WhiteTeam "Zuerich"]
[BlackTeam "Echallens"]
[WhiteTeamCountry "SUI"]
[BlackTeamCountry "SUI"]

1. d4 Nf6 2. c3 g6 3. Bg5 Bg7 4. Nd2 d5 5. e3 c6 6. Ngf3 0-0 7. Be2 Bg4 8. h3 Bxf3 9. Nxf3 Nbd7 10. 0-0 Ne4 11. Bf4 Re8 12. Qb3 b5 13. a4 a6 14. Ra2 Nb6 15. axb5 axb5 16. Rfa1 Qd7 17. Bd3 Nd6 18. Rxa8 Rxa8 19. Rxa8+ Nxa8 20. Qa3 Nb6 21. b3 f6 22. Qa5 Qb7 23. g4 Bf8 24. Nd2 e6 25. Qa2 Nf7 26. c4 bxc4 27. bxc4 e5 28. Bg3 exd4 29. exd4 dxc4 30. Nxc4 Nd5 31. Na5 Qd7 32. Qc4 1/2-1/2

[Event "SUI-chT"]
[Site "Switzerland"]
[Date "2018.09.08"]
[Round "6.3"]
[White "Potterat, Marc"]
[Black "Hug, Werner"]
[Result "1/2-1/2"]
[WhiteElo "2183"]
[BlackElo "2483"]
[PlyCount "91"]
[EventDate "2018.03.25"]
[EventType "team-tourn"]
[EventRounds "9"]
[EventCountry "SUI"]
[SourceTitle "EXT 2019"]
[Source "ChessBase"]
[SourceDate "2018.10.10"]
[SourceVersion "1"]
[SourceVersionDate "2018.10.10"]
[SourceQuality "1"]
[WhiteTeam "St Gallen"]
[BlackTeam "Zuerich"]
[WhiteTeamCountry "SUI"]
[BlackTeamCountry "SUI"]

1. d4 Nf6 2. c4 d6 3. Nc3 e5 4. Nf3 e4 5. Ng5 Bf5 6. g3 h6 7. Nh3 c6 8. f4 Nbd7 9. Nf2 h5 10. Bg2 Qe7 11. e3 Nb6 12. b3 d5 13. c5 Nbd7 14. b4 a6 15. a4 Ng4 16. h3 Nxf2 17. Kxf2 g6 18. Bd2 Bg7 19. Kg1 Be6 20. Qf1 0-0 21. Nd1 f5 22. a5 h4 23. Be1 hxg3 24. Bxg3 Kf7 25. h4 Nf6 26. Be1 Nh5 27. Qf2 Rh8 28. Bf1 Bf6 29. Ra2 Rh6 30. Rh3 Rah8 31. Qh2 Qd8 32. Qh1 Be7 33. Rah2 Nf6 34. h5 gxh5 35. Be2 Qg8+ 36. Kf1 Qg6 37. Bh4 Ng4 38. Rg2 Bxh4 39. Rxh4 Ke7 40. Bxg4 hxg4 41. Rxh6 Qxh6 42. Qxh6 Rxh6 43. Kg1 Rh3 44. Rh2 Rg3+ 45. Kf2 Rf3+ 46. Kg2 1/2-1/2

[Event "SUI-chT"]
[Site "Switzerland"]
[Date "2018.07.01"]
[Round "5.5"]
[White "Hug, Werner"]
[Black "Froewis, Georg"]
[Result "1-0"]
[WhiteElo "2483"]
[BlackElo "2419"]
[PlyCount "77"]
[EventDate "2018.03.25"]
[EventType "team-tourn"]
[EventRounds "9"]
[EventCountry "SUI"]
[SourceTitle "EXT 2019"]
[Source "ChessBase"]
[SourceDate "2018.10.10"]
[SourceVersion "1"]
[SourceVersionDate "2018.10.10"]
[SourceQuality "1"]
[WhiteTeam "Zuerich"]
[BlackTeam "Luzern"]
[WhiteTeamCountry "SUI"]
[BlackTeamCountry "SUI"]

1. d4 e6 2. Nf3 Nf6 3. Bg5 c5 4. e3 Qb6 5. Nbd2 d5 6. Bxf6 gxf6 7. c4 cxd4 8. exd4 Nc6 9. cxd5 exd5 10. Bd3 Be6 11. 0-0 0-0-0 12. Qa4 Bh6 13. Nb3 Qb4 14. Bb5 Qxa4 15. Bxa4 Ne7 16. Rfe1 b6 17. Bb5 Kb7 18. a4 a6 19. Bd3 a5 20. Nc1 Nc6 21. Na2 Bg4 22. Bb5 Rhg8 23. Bxc6+ Kxc6 24. Kf1 Rg7 25. Re7 Rdg8 26. Ne1 Bd7 27. Nc3 Kd6 28. Re2 Rg4 29. Rd1 Rc8 30. Nc2 Rc4 31. Na3 Rxa4 32. Nxa4 Bxa4 33. Rd3 Bd7 34. f3 Rg8 35. Rb3 Rb8 36. Nb5+ Bxb5 37. Rxb5 Bf8 38. Rc2 Kd7 39. Rxd5+ 1-0

[Event "SUI-chT"]
[Site "Switzerland"]
[Date "2014.09.07"]
[Round "7.4"]
[White "Renet, Olivier"]
[Black "Hug, Werner"]
[Result "1-0"]
[WhiteElo "2534"]
[BlackElo "2474"]
[PlyCount "133"]
[EventDate "2014.03.16"]
[EventType "team-tourn"]
[EventRounds "9"]
[EventCountry "SUI"]
[SourceTitle "EXT 2015"]
[Source "ChessBase"]
[SourceDate "2014.11.20"]
[SourceVersion "1"]
[SourceVersionDate "2014.11.20"]
[SourceQuality "1"]
[WhiteTeam "Riehen"]
[BlackTeam "Zuerich"]
[WhiteTeamCountry "SUI"]
[BlackTeamCountry "SUI"]

1. e4 e6 2. d4 d5 3. Nd2 c5 4. Ngf3 cxd4 5. exd5 Qxd5 6. Bc4 Qd6 7. 0-0 Nf6 8. Nb3 Nc6 9. Nbxd4 Nxd4 10. Nxd4 Bd7 11. c3 Qc7 12. Qe2 Bd6 13. Nb5 Bxb5 14. Bxb5+ Ke7 15. g3 Rhd8 16. Re1 a6 17. Bc4 Rac8 18. Bb3 Kf8 19. Bg5 Be7 20. Qf3 Qc6 21. Qxc6 Rxc6 22. Rad1 h6 23. Bc1 Rcc8 24. Kf1 Nd7 25. Ke2 b5 26. Rd3 Nc5 27. Rxd8+ Bxd8 28. Bc2 Ke7 29. f4 Bb6 30. Rd1 Rc7 31. g4 Nb7 32. Bd3 Nc5 33. Bb1 Nb7 34. h4 Rc8 35. h5 Nd6 36. Bd3 f6 37. Re1 Kd7 38. Kf3 Rf8 39. Re2 Rc8 40. Rc2 Re8 41. Bg6 Rc8 42. Bd2 Rf8 43. Be1 Bc5 44. Bd3 Rb8 45. Rg2 Rf8 46. Bg3 Kc6 47. Re2 Kd7 48. Bc2 Bb6 49. Bh2 Nc4 50. Be4 Nd6 51. Bd3 a5 52. Bg3 Bc5 53. Bc2 a4 54. b3 axb3 55. Bxb3 Re8 56. a4 b4 57. Be1 bxc3 58. Bxc3 Re7 59. a5 Nc8 60. g5 hxg5 61. h6 g4+ 62. Kxg4 f5+ 63. Kh5 gxh6 64. Bf6 Kc6 65. Bxe7 Nxe7 66. Rxe6+ Kb5 67. a6 1-0

[Event "Olympiad-41"]
[Site "Tromsoe"]
[Date "2014.08.12"]
[Round "10.2"]
[White "Teh, Eu Wen Aron"]
[Black "Hug, Werner"]
[Result "0-1"]
[WhiteElo "2309"]
[BlackElo "2474"]
[PlyCount "50"]
[EventDate "2014.08.02"]
[EventType "team-swiss"]
[EventRounds "11"]
[EventCountry "NOR"]
[SourceTitle "CBM 162"]
[Source "ChessBase"]
[SourceDate "2014.09.17"]
[SourceVersion "1"]
[SourceVersionDate "2014.09.17"]
[SourceQuality "1"]
[WhiteTeam "Malaysia"]
[BlackTeam "Switzerland"]
[WhiteTeamCountry "MAS"]
[BlackTeamCountry "SUI"]

1. d4 d6 2. c4 e5 3. Nf3 e4 4. Ng5 f5 5. Nc3 Be7 6. Nh3 Nf6 7. g3 0-0 8. Bg2 c5 9. d5 Nbd7 10. 0-0 Ne5 11. b3 Nh5 12. f3 Bf6 13. Qc2 Qe7 14. Bb2 e3 15. Nd1 f4 16. Nxf4 Nxf4 17. gxf4 Ng6 18. Bxf6 Qxf6 19. Nxe3 Nxf4 20. Ng4 Bxg4 21. fxg4 Qd4+ 22. e3 Qxe3+ 23. Kh1 Nd3 24. h3 Qg3 25. Kg1 Nf4 0-1

[Event "Olympiad-41"]
[Site "Tromsoe"]
[Date "2014.08.06"]
[Round "5.2"]
[White "Ftacnik, Lubomir"]
[Black "Hug, Werner"]
[Result "1/2-1/2"]
[WhiteElo "2571"]
[BlackElo "2474"]
[PlyCount "87"]
[EventDate "2014.08.02"]
[EventType "team-swiss"]
[EventRounds "11"]
[EventCountry "NOR"]
[SourceTitle "CBM 162"]
[Source "ChessBase"]
[SourceDate "2014.09.17"]
[SourceVersion "1"]
[SourceVersionDate "2014.09.17"]
[SourceQuality "1"]
[WhiteTeam "Slovakia"]
[BlackTeam "Switzerland"]
[WhiteTeamCountry "SVK"]
[BlackTeamCountry "SUI"]

1. d4 Nf6 2. c4 d6 3. Nc3 Bf5 4. g3 c6 5. Bg2 e5 6. e4 Bg4 7. f3 exd4 8. Qxd4 Be6 9. Nge2 Na6 10. Nf4 Be7 11. Be3 0-0 12. Nxe6 fxe6 13. Bh3 e5 14. Qd2 Qe8 15. 0-0 Kh8 16. Rad1 Qf7 17. Qe2 Nc7 18. f4 Ne6 19. Bxe6 Qxe6 20. f5 Qf7 21. g4 h6 22. h4 Nh7 23. g5 hxg5 24. hxg5 Bxg5 25. Bxg5 Nxg5 26. Qh2+ Kg8 27. Rxd6 Qe7 28. Rg6 Nh7 29. Kg2 Rad8 30. Nd5 cxd5 31. Rh1 Nf6 32. Qh8+ Kf7 33. Rxg7+ Ke8 34. Rxe7+ Kxe7 35. Qh3 Rg8+ 36. Kf1 dxc4 37. Qa3+ Kf7 38. Qa4 Rd4 39. Rh2 Rgd8 40. Qa5 Rd1+ 41. Ke2 R1d4 42. Rh4 b6 43. Qxe5 Rd2+ 44. Ke1 1/2-1/2

[Event "SUI-chT"]
[Site "Switzerland"]
[Date "2014.06.15"]
[Round "4.2"]
[White "Huss, Andreas"]
[Black "Hug, Werner"]
[Result "1/2-1/2"]
[WhiteElo "2381"]
[BlackElo "2474"]
[PlyCount "26"]
[EventDate "2014.03.16"]
[EventType "team-tourn"]
[EventRounds "9"]
[EventCountry "SUI"]
[SourceTitle "EXT 2015"]
[Source "ChessBase"]
[SourceDate "2014.11.20"]
[SourceVersion "1"]
[SourceVersionDate "2014.11.20"]
[SourceQuality "1"]
[WhiteTeam "Winterthur"]
[BlackTeam "Zuerich"]
[WhiteTeamCountry "SUI"]
[BlackTeamCountry "SUI"]

1. d4 g6 2. e4 Bg7 3. Nf3 d6 4. c3 Nf6 5. Bd3 0-0 6. 0-0 Nc6 7. d5 Nb8 8. c4 Na6 9. Nc3 Bg4 10. h3 Bxf3 11. Qxf3 Nd7 12. Bd2 Ne5 13. Qe2 Nxd3 1/2-1/2

[Event "Mitropa Cup 33rd"]
[Site "Ruzomberok"]
[Date "2014.05.28"]
[Round "6.3"]
[White "Hug, Werner"]
[Black "Biolek, Richard Jr"]
[Result "1/2-1/2"]
[WhiteElo "2474"]
[BlackElo "2418"]
[PlyCount "28"]
[EventDate "2014.05.23"]
[EventType "team-tourn"]
[EventRounds "9"]
[EventCountry "SVK"]
[SourceTitle "CBM 160 Extra"]
[Source "ChessBase"]
[SourceDate "2014.07.01"]
[SourceVersion "1"]
[SourceVersionDate "2014.07.01"]
[SourceQuality "1"]
[WhiteTeam "Switzerland"]
[BlackTeam "Czech Republic"]
[WhiteTeamCountry "SUI"]
[BlackTeamCountry "CZE"]

1. Nf3 d6 2. e3 Nd7 3. Bc4 c5 4. 0-0 b6 5. Qe2 Bb7 6. Ba6 Qc8 7. Bxb7 Qxb7 8. e4 e6 9. h3 Rc8 10. b3 a6 11. Qd3 d5 12. e5 Nb8 13. g3 h5 14. Nh2 Be7 1/2-1/2

[Event "Mitropa Cup 33rd"]
[Site "Ruzomberok"]
[Date "2014.05.26"]
[Round "4.3"]
[White "Petrik, Tomas"]
[Black "Hug, Werner"]
[Result "1/2-1/2"]
[WhiteElo "2511"]
[BlackElo "2474"]
[PlyCount "62"]
[EventDate "2014.05.23"]
[EventType "team-tourn"]
[EventRounds "9"]
[EventCountry "SVK"]
[SourceTitle "CBM 160 Extra"]
[Source "ChessBase"]
[SourceDate "2014.07.01"]
[SourceVersion "1"]
[SourceVersionDate "2014.07.01"]
[SourceQuality "1"]
[WhiteTeam "Slovakia"]
[BlackTeam "Switzerland"]
[WhiteTeamCountry "SVK"]
[BlackTeamCountry "SUI"]

1. e4 e6 2. d4 d5 3. Nd2 c5 4. exd5 Qxd5 5. Ngf3 cxd4 6. Bc4 Qd6 7. 0-0 Nf6 8. Nb3 Nc6 9. Nbxd4 Nxd4 10. Nxd4 Bd7 11. b3 0-0-0 12. Bb2 Qf4 13. Qf3 Bd6 14. Qxf4 Bxf4 15. Rad1 a6 16. Nf3 Bc6 17. Ne5 Bxe5 18. Bxe5 Nd5 19. Rfe1 f6 20. Bb2 e5 21. Bf1 Kc7 22. a3 g5 23. f3 h5 24. Kf2 h4 25. Rd2 Nf4 26. Red1 Rxd2+ 27. Rxd2 Rh7 28. c4 Rd7 29. Rxd7+ Kxd7 30. Ke3 Ke6 31. Bc3 f5 1/2-1/2

[Event "SUI-chT"]
[Site "Switzerland"]
[Date "2013.09.08"]
[Round "7.2"]
[White "Miralles, Gilles"]
[Black "Hug, Werner"]
[Result "1/2-1/2"]
[WhiteElo "2472"]
[BlackElo "2471"]
[PlyCount "20"]
[EventDate "2013.03.17"]
[EventType "team-tourn"]
[EventRounds "9"]
[EventCountry "SUI"]
[SourceTitle "EXT 2014"]
[Source "ChessBase"]
[SourceDate "2013.11.20"]
[SourceVersion "1"]
[SourceVersionDate "2013.11.20"]
[SourceQuality "1"]
[WhiteTeam "Geneve"]
[BlackTeam "Zuerich"]
[WhiteTeamCountry "SUI"]
[BlackTeamCountry "SUI"]

1. d4 Nf6 2. c4 d6 3. Nc3 Bf5 4. f3 e5 5. d5 e4 6. e3 exf3 7. gxf3 Nh5 8. Qe2 g6 9. e4 Bd7 10. Be3 Bg7 1/2-1/2

[Event "SUI-chT"]
[Site "Switzerland"]
[Date "2013.09.07"]
[Round "6.2"]
[White "Hug, Werner"]
[Black "Hochstrasser, Michael"]
[Result "1-0"]
[WhiteElo "2471"]
[BlackElo "2360"]
[PlyCount "71"]
[EventDate "2013.03.17"]
[EventType "team-tourn"]
[EventRounds "9"]
[EventCountry "SUI"]
[SourceTitle "EXT 2014"]
[Source "ChessBase"]
[SourceDate "2013.11.20"]
[SourceVersion "1"]
[SourceVersionDate "2013.11.20"]
[SourceQuality "1"]
[WhiteTeam "Zuerich"]
[BlackTeam "Wollishofen"]
[WhiteTeamCountry "SUI"]
[BlackTeamCountry "SUI"]

1. d4 d5 2. Bf4 Nf6 3. e3 Bf5 4. Bd3 e6 5. Bxf5 exf5 6. Qd3 Qc8 7. Ne2 Be7 8. 0-0 0-0 9. c4 dxc4 10. Qxc4 c6 11. Nbc3 Nbd7 12. Rac1 Nb6 13. Qb3 Qd7 14. h3 Rfe8 15. Rfd1 Nfd5 16. Be5 Rad8 17. Nxd5 Qxd5 18. Rd3 Qxb3 19. Rxb3 Rd7 20. Bg3 Nd5 21. Nc3 Nxc3 22. bxc3 c5 23. a4 g5 24. a5 Rc8 25. Rcb1 cxd4 26. cxd4 f4 27. exf4 gxf4 28. Bxf4 Rxd4 29. Be3 Rd5 30. Rxb7 Bd8 31. a6 Rd6 32. Rxa7 Rcc6 33. Rb8 Kg7 34. Rbb7 Rxa6 35. Rxf7+ Kg6 36. Rxh7 1-0

[Event "Mitropa Cup 32nd"]
[Site "Meissen"]
[Date "2013.06.02"]
[Round "2.3"]
[White "Hug, Werner"]
[Black "Pacher, Milan"]
[Result "1-0"]
[WhiteElo "2471"]
[BlackElo "2464"]
[PlyCount "45"]
[EventDate "2013.06.01"]
[EventType "team-tourn"]
[EventRounds "9"]
[EventCountry "GER"]
[SourceTitle "CBM 154 Extra"]
[Source "ChessBase"]
[SourceDate "2013.06.25"]
[SourceVersion "2"]
[SourceVersionDate "2013.06.25"]
[SourceQuality "1"]
[WhiteTeam "Switzerland"]
[BlackTeam "Slovakia"]
[WhiteTeamCountry "SUI"]
[BlackTeamCountry "SVK"]

1. d4 Nf6 2. Nf3 e6 3. Bg5 c5 4. e3 Qb6 5. Nbd2 Qxb2 6. Rb1 Qc3 7. Bxf6 gxf6 8. Bd3 d5 9. 0-0 c4 10. Bxc4 dxc4 11. Ne4 Qa5 12. Nxf6+ Ke7 13. Ne5 Nc6 14. Qh5 Nxe5 15. dxe5 Bg7 16. Rfd1 Kf8 17. Qh4 Qc7 18. Rd6 b5 19. Rbd1 Bb7 20. Rd7 Qc6 21. Rd8+ Rxd8 22. Rxd8+ Ke7 23. Ng8# 1-0

[Event "SUI-chT"]
[Site "Switzerland"]
[Date "2013.04.28"]
[Round "2.2"]
[White "Hug, Werner"]
[Black "Jussupow, Artur"]
[Result "1/2-1/2"]
[WhiteElo "2475"]
[BlackElo "2597"]
[PlyCount "21"]
[EventDate "2013.03.17"]
[EventType "team-tourn"]
[EventRounds "9"]
[EventCountry "SUI"]
[SourceTitle "EXT 2014"]
[Source "ChessBase"]
[SourceDate "2013.11.20"]
[SourceVersion "1"]
[SourceVersionDate "2013.11.20"]
[SourceQuality "1"]
[WhiteTeam "Zuerich"]
[BlackTeam "Winterthur"]
[WhiteTeamCountry "SUI"]
[BlackTeamCountry "SUI"]

1. d4 d5 2. Bf4 e6 3. e3 Bd6 4. Bxd6 Qxd6 5. Qg4 Kf8 6. Nc3 Nf6 7. Qh4 c5 8. Nf3 Nc6 9. Bb5 Bd7 10. Bxc6 Bxc6 11. 0-0 1/2-1/2

[Event "SUI-chT"]
[Site "Switzerland"]
[Date "2012.10.21"]
[Round "9.3"]
[White "Zueger, Beat"]
[Black "Hug, Werner"]
[Result "1/2-1/2"]
[WhiteElo "2433"]
[BlackElo "2473"]
[PlyCount "24"]
[EventDate "2012.03.18"]
[EventType "team-tourn"]
[EventRounds "9"]
[EventCountry "SUI"]
[SourceTitle "EXT 2013"]
[Source "ChessBase"]
[SourceDate "2012.11.22"]
[SourceVersion "1"]
[SourceVersionDate "2012.11.22"]
[SourceQuality "1"]
[WhiteTeam "Luzern"]
[BlackTeam "Zuerich"]
[WhiteTeamCountry "SUI"]
[BlackTeamCountry "SUI"]

1. g3 d5 2. Nf3 c6 3. Bg2 Bg4 4. c4 Nf6 5. Ne5 Be6 6. cxd5 Bxd5 7. Nf3 c5 8. 0-0 e6 9. b3 Be7 10. Bb2 0-0 11. d3 Nbd7 12. Nbd2 Rc8 1/2-1/2

[Event "Olympiad-40"]
[Site "Istanbul"]
[Date "2012.09.06"]
[Round "9.4"]
[White "Munoz Sanchez, Jhon Marcelo"]
[Black "Hug, Werner"]
[Result "0-1"]
[WhiteElo "2262"]
[BlackElo "2469"]
[PlyCount "77"]
[EventDate "2012.08.28"]
[EventType "team-swiss"]
[EventRounds "11"]
[EventCountry "TUR"]
[SourceTitle "CBM 151"]
[Source "ChessBase"]
[SourceDate "2012.11.13"]
[SourceVersion "1"]
[SourceVersionDate "2012.11.13"]
[SourceQuality "1"]
[WhiteTeam "Ecuador"]
[BlackTeam "Switzerland"]
[WhiteTeamCountry "ECU"]
[BlackTeamCountry "SUI"]

1. e4 e6 2. d4 d5 3. exd5 exd5 4. c4 Nf6 5. Nf3 Bb4+ 6. Bd2 Bxd2+ 7. Nbxd2 0-0 8. Be2 Nc6 9. c5 Bg4 10. 0-0 Ne4 11. h3 Bh5 12. Re1 Re8 13. g4 Bg6 14. Bb5 Qf6 15. Bxc6 bxc6 16. Nxe4 Bxe4 17. Ne5 Rxe5 18. dxe5 Qxe5 19. Qd2 Rb8 20. b3 Qf6 21. Qe3 h5 22. f3 Bxf3 23. g5 Be4 24. Qf2 Qxf2+ 25. Kxf2 a5 26. Rad1 Rb5 27. Rc1 Kh7 28. Ke3 Rb4 29. Rcd1 Bf5 30. Rd4 Rb5 31. Kf4 Bxh3 32. Re7 Be6 33. Rxc7 Rxc5 34. b4 axb4 35. Rxb4 Ra5 36. Rxc6 Rxa2 37. Kg3 Kg6 38. Rbb6 Kxg5 39. Rb4 0-1

[Event "SUI-chT"]
[Site "Switzerland"]
[Date "2012.06.03"]
[Round "4.2"]
[White "Jussupow, Artur"]
[Black "Hug, Werner"]
[Result "1/2-1/2"]
[WhiteElo "2601"]
[BlackElo "2473"]
[PlyCount "38"]
[EventDate "2012.03.18"]
[EventType "team-tourn"]
[EventRounds "9"]
[EventCountry "SUI"]
[SourceTitle "EXT 2013"]
[Source "ChessBase"]
[SourceDate "2012.11.22"]
[SourceVersion "1"]
[SourceVersionDate "2012.11.22"]
[SourceQuality "1"]
[WhiteTeam "Winterthur"]
[BlackTeam "Zuerich"]
[WhiteTeamCountry "SUI"]
[BlackTeamCountry "SUI"]

1. d4 g6 2. g3 Bg7 3. Bg2 d5 4. Nf3 c6 5. 0-0 Nf6 6. b3 0-0 7. Bb2 a5 8. c4 a4 9. Nbd2 Bf5 10. Nh4 Be6 11. Re1 a3 12. Bc3 c5 13. e3 cxd4 14. exd4 Nc6 15. Nhf3 Bg4 16. h3 Bxf3 17. Qxf3 e6 18. c5 Nd7 19. Qd3 Qf6 1/2-1/2

[Event "SUI-chT"]
[Site "Switzerland"]
[Date "2012.03.18"]
[Round "1.2"]
[White "Hug, Werner"]
[Black "Renet, Olivier"]
[Result "1/2-1/2"]
[WhiteElo "2473"]
[BlackElo "2518"]
[PlyCount "24"]
[EventDate "2012.03.18"]
[EventType "team-tourn"]
[EventRounds "9"]
[EventCountry "SUI"]
[SourceTitle "CBM 147 Extra"]
[Source "ChessBase"]
[SourceDate "2012.04.24"]
[SourceVersion "1"]
[SourceVersionDate "2012.04.24"]
[SourceQuality "1"]
[WhiteTeam "Zuerich"]
[BlackTeam "Geneve"]
[WhiteTeamCountry "SUI"]
[BlackTeamCountry "SUI"]

1. d4 Nf6 2. Nf3 e6 3. Bg5 c5 4. e3 Be7 5. c3 b6 6. Nbd2 0-0 7. Bd3 Ba6 8. Bxa6 Nxa6 9. 0-0 Nc7 10. Ne5 Nfd5 11. Bxe7 Qxe7 12. Nd3 cxd4 1/2-1/2